Growth and yield response of brri dhan34 affected by seedling height and plant spacing / (Record no. 17849)

MARC details
000 -LEADER
fixed length control field 00994nam a22002657a 4500
001 - CONTROL NUMBER
control field BD-DhSAU
003 - CONTROL NUMBER IDENTIFIER
control field BD-DhSAU
005 - DATE AND TIME OF LATEST TRANSACTION
control field 20250218110143.0
008 - FIXED-LENGTH DATA ELEMENTS--GENERAL INFORMATION
fixed length control field 150420b2005 bg ||||| m||| 00| 0 eng d
040 ## - CATALOGING SOURCE
Original cataloging agency BD-DhSAU
082 ## - DEWEY DECIMAL CLASSIFICATION NUMBER
Edition number 22
Classification number 630
Item number N1452
100 ## - MAIN ENTRY--PERSONAL NAME
Personal name AKTER, NAJNIN
Relator term Registration No. # 21010109
245 ## - TITLE STATEMENT
Title Growth and yield response of brri dhan34 affected<br/>by seedling height and plant spacing /<br/>
Remainder of title MS thesis
260 ## - PUBLICATION, DISTRIBUTION, ETC. (IMPRINT)
Place of publication, distribution, etc. Sher-e-Bangla Agricultural University:
Name of publisher, distributor, etc. Department of Agronomy,
Date of publication, distribution, etc. 2023.
300 ## - PHYSICAL DESCRIPTION
Extent vii, 80p. ;
Dimensions 30 cm.
500 ## - GENERAL NOTE
General note MS thesis of Department of Agronomy ,<br/>Faculty of Agriculture , Sher-e-Bangla Agricultural University, Dhaka, Bangladesh
504 ## - BIBLIOGRAPHY, ETC. NOTE
Bibliography, etc Includes bibliographical reference.
590 ## - Name of Cataloguer
Name of Cataloger Nazmul
650 ## - SUBJECT ADDED ENTRY--TOPICAL TERM
Topical term or geographic name as entry element brri dhan34
651 ## - SUBJECT ADDED ENTRY--GEOGRAPHIC NAME
Geographic name seedling height and plant spacing
700 ## - ADDED ENTRY--PERSONAL NAME
Personal name Prof. Dr. Md. Fazlul Karim
Relator term Superviser
700 ## - ADDED ENTRY--PERSONAL NAME
Personal name Prof. Dr. Md. Shahidul Islam
Relator term Co-superviser
942 ## - ADDED ENTRY ELEMENTS (KOHA)
Source of classification or shelving scheme Dewey Decimal Classification
Koha item type MS Level Thesis
Holdings
Withdrawn status Lost status Source of classification or shelving scheme Damaged status Not for loan Collection code Home library Branch Name Date acquired Total Checkouts Full call number Barcode Date last seen Price effective from Koha item type
    Dewey Decimal Classification   Not For Loan Reference SAU Library SAU Library 18/02/2025   630 N1452 45603 18/02/2025 18/02/2025 MS Level Thesis